header

Hopes and prospects (Record no. 196290)

MARC details
000 -LEADER
fixed length control field 01968nam a2200397 a 4500
082 04 - DEWEY DECIMAL CLASSIFICATION NUMBER
Classification number 327.73
100 1# - MAIN ENTRY--AUTHOR NAME
Personal name Chomsky, Noam.
245 10 - TITLE STATEMENT
Title Hopes and prospects
260 ## - PUBLICATION, DISTRIBUTION, ETC. (IMPRINT)
Place of publication Chicago :
Name of publisher Haymarket Books,
Year of publication c2010.
300 ## - PHYSICAL DESCRIPTION
Number of Pages vii, 327 p.
505 0# - FORMATTED CONTENTS NOTE
Formatted contents note Part 1 : Latin America -- Year 514 : globalization for whom? -- Latin America and U.S. foreign policy -- Democracy and development : their enemies, their hopes -- Latin American and Caribbean unity -- Part II : North America -- "Good news" Iraq and beyond -- Free elections, good news and bad -- Century's challenges -- Turning point? -- Elections 2008 : hope confronts the real world -- Obama on Israel-Palestine -- The torture memos -- 1989 and beyond.
650 #0 - SUBJECT ADDED ENTRY--TOPICAL TERM
Topical Term World politics
Topical Term Latin American federation.
Topical Term Arab-Israeli conflict
856 40 - ELECTRONIC LOCATION AND ACCESS
Uniform Resource Identifier http://site.ebrary.com/lib/rucke/Doc?id=10392459

No items available.

© 2026 Rongo University
Contact us: librarian | system librarian | Rongo university